000 01111nam a2200301Ia 4500
003 GCL
005 20240530101933.0
008 140319s9999 xx 000 0 ara d
040 _aGCL /
_cGCL
082 0 4 _a301.32
_bم م
110 0 _aمعهد البحوث والدراسات العربية
245 1 0 _a"مشكلة البطالة فى الوطن العربى :
_bدراسة استطلاعية /
_cمعهد البحوث والدراسات العربية
260 _a[S.N] :
_bمعهد البحوث والدراسات العربية ،
_c1992
300 _a301 ص
650 0 4 _aالعمل والعمال
650 0 4 _aالبطالة
650 0 4 _aالاجتماع
650 0 4 _aالقوى العاملة
650 0 4 _aالشئون الاجتماعية
650 0 4 _aالعمل الموسمى
650 0 4 _aالبطالة الموسمية
650 0 4 _aالتأمين ضد البطالة
700 1 _aمحمد خليل برعى
700 1 _aمحمد صفى الدين ابوالعز(اشراف)
700 1 _aحسن ابراهيم
700 1 _aرضا العدل
942 _2ddc
_cBK
999 _c28844
_d28844